El Rostro colectivo de la nación mexicana / (Record no. 80723)

MARC details
000 -LEADER
fixed length control field 00881cam a2200241 4500
008 - FIXED-LENGTH DATA ELEMENTS--GENERAL INFORMATION
fixed length control field 19961996 spa
020 ## - INTERNATIONAL STANDARD BOOK NUMBER
International Standard Book Number 968-7502-08-8
050 #4 - LIBRARY OF CONGRESS CALL NUMBER
Classification number F1392
Item number .B55 E57 1996
100 1# - MAIN ENTRY--PERSONAL NAME
Personal name Encuentro de Afromexicanistas (5o. : 1995 : Morelia, Mich.)
245 #3 - TITLE STATEMENT
Title El Rostro colectivo de la nación mexicana /
Statement of responsibility, etc coord. María Guadalupe Chávez Carbajal ; pról. Gerardo Sánchez Díaz.
260 s# - PUBLICATION, DISTRIBUTION, ETC. (IMPRINT)
Date of publication, distribution, etc 1996
300 ## - PHYSICAL DESCRIPTION
Extent p. ;
Dimensions 22 cm.
440 #0 - SERIES STATEMENT/ADDED ENTRY--TITLE
Title Encuentros ; 1
500 ## - GENERAL NOTE
General note 2 ejemplares
500 ## - GENERAL NOTE
General note Memoria del V Encuentro de Afromexicanistas celebrado en Mo-
500 ## - GENERAL NOTE
General note relia, Mich., del 25-27 de octubre de 1995
650 #4 - SUBJECT ADDED ENTRY--TOPICAL TERM
Topical term or geographic name as entry element Negros
General subdivision Condiciones morales y sociales
-- Alocuciones, ensa-
650 #4 - SUBJECT ADDED ENTRY--TOPICAL TERM
Topical term or geographic name as entry element yos, conferencias
700 1# - ADDED ENTRY--PERSONAL NAME
Personal name Chávez Carbajal, María Guadalupe,
Relator term coord.
942 ## - ADDED ENTRY ELEMENTS (KOHA)
Source of classification or shelving scheme Biblioteca del Cogreso de los Estados Unidos
Koha item type Libro
Holdings
Estado de pérdida Fuente de clasificación Estado del daño No para préstamo Ubicación permanente Ubicación actual Apartado o colección Fecha de adquisición Edición Dependencia de educación superior (DES) Área del conocimiento Clasificación Código de Barras Date last seen Número de copia Tipo de recurso
  Biblioteca del Cogreso de los Estados Unidos     Biblioteca del Instituto de Investigaciones Históricas Biblioteca del Instituto de Investigaciones Históricas General 21/05/2018 1a ed. Humanidades Ciencias Sociales y Administrativas F1392 .B55 E57 1996 IIH000021829 21/05/2018 C:1 Libro
  Biblioteca del Cogreso de los Estados Unidos     Biblioteca del Instituto de Investigaciones Históricas Biblioteca del Instituto de Investigaciones Históricas General 21/05/2018 1a ed. Humanidades Ciencias Sociales y Administrativas F1392 .B55 E57 1996 IIH000021830 21/05/2018 C:2 Libro